000 00390nam a2200169Ia 4500
003 OSt
005 20220406123331.0
008 210210b1934 xxu||||| |||| 00| 0 eng d
040 _aAL
_c
041 _aeng
082 _a331/160
100 _aPANANDIKAR (S G)
_927963
245 _aBanking in India
260 _aBombay
_bLongman Green & Co.
_c1934
906 _a004062
942 _2ddc
_cBK
999 _c122495
_d122495